logo

Bir Sreshtho Munshi Abdur Rouf Library
Jhenaidah Cadet College

১৯৫২ নিছক কোনো সংখ্যা নয় / (Record no. 12616)

MARC details
000 -LEADER
fixed length control field 00733nam a2200205 a 4500
001 - CONTROL NUMBER
JCCL Control Number 12616
003 - CONTROL NUMBER IDENTIFIER
JCCL marc code BD-JhCC
005 - DATE AND TIME OF LATEST TRANSACTION
control field 20221017100410.0
008 - FIXED-LENGTH DATA ELEMENTS--GENERAL INFORMATION
fixed length control field 221017s20142021bg |||| |||| 000 0 ban d
035 ## - SYSTEM CONTROL NUMBER
system control number (BD-JhCC)12616
040 ## - CATALOGING SOURCE
Original cataloging agency BD-JhCC
Modifying agency BD-JhCC
041 ## - LANGUAGE CODE
Language code of Book Bangla
082 ## - DEWEY DECIMAL CLASSIFICATION NUMBER
Classification number 891.4435
Author mark and Year UDD 2021
100 ## - MAIN ENTRY--PERSONAL NAME
Personal name উদ্দিন, মোহাম্মদ নাজিম
245 ## - TITLE STATEMENT
Title ১৯৫২ নিছক কোনো সংখ্যা নয় /
Statement of responsibility, etc মোহাম্মদ নাজিম উদ্দিন
260 ## - PUBLICATION, DISTRIBUTION, ETC. (IMPRINT)
Place of publication, distribution, etc ঢাকা :
Name of publisher, distributor, etc বাতিঘর প্রকাশনী,
Date of publication, distribution, etc ২০২১।
300 ## - PHYSICAL DESCRIPTION
Pagination ৪১৫ পৃ. :
Dimensions ২২ সেমি.
650 ## - SUBJECT ADDED ENTRY--TOPICAL TERM
Topical term or geographic name as entry element Detective Stories
942 ## - ADDED ENTRY ELEMENTS (KOHA)
Source of classification or shelving scheme Dewey Decimal Classification
Koha item type Books
Holdings
Source of classification or shelving scheme Damaged status Not for loan Home library Current library Shelving location Date of accession Cost, normal purchase price Total Checkouts Full call number Barcode Date last seen Date checked out Copy number Koha item type
Dewey Decimal Classification     JCC Rouf Library JCC Rouf Library General Stacks 10/16/2022 324.00 18 891.4435 UDD 2021 17444 02/09/2026 11/04/2025 C-1 Books

JCC Library | Contacts | JCC Home

Last Update on 23 September 2017
Copyright @ 2017-2020 JCC Rouf Library
Rouf Library, Jhenidah Cadet College (JCC), Bangladesh